Statistics for Name a Valid Number 1 Hit (USA)

Click here to take the quiz!

General Stats

  • This quiz has been taken 967 times
  • The average score is 12 of 20

Answer Stats

Name a Number 1 song by...Answers% Correct
Michael Jackson (not counting The Jackson 5)Ben | Don’t Stop ’Til You Get Enough | Rock with You | Billie Jean | Beat It | Say Say Say | We Are the World | I Just Can’t Stop Loving You | Bad | The Way You Make Me Feel | Man in the Mirror | Dirty Diana | Black or White | You Are Not Alone
93%
The BeatlesLove Me Do | She Loves You | I Want to Hold Your Hand | Can’t Buy Me Love | A Hard Day’s Night | I Feel Fine | Eight Days a Week | Ticket to Ride | Help! | Yesterday | We Can Work It Out | Paperback Writer | Penny Lane | All You Need Is Love | Hello, Goodbye | Hey Jude | Get Back | Come Together | Let It Be | The Long and Winding Road
92%
MadonnaLike a Virgin | Crazy for You | Live to Tell | Papa Don’t Preach | Open Your Heart | Who’s That Girl | Like a Prayer | Vogue | Justify My Love | This Used to Be My Playground | Take a Bow | Music
82%
RihannaSOS | Umbrella | Take a Bow | Disturbia | Live Your Life | Rude Boy | Love the Way You Lie | Only Girl (In the World) | What’s My Name? | S&M | We Found Love | Diamonds | The Monster | Work
82%
EaglesBest of My Love | One of These Nights | New Kid in Town | Hotel California | Heartache Tonight
74%
Elvis PresleyHeartbreak Hotel | Don’t Be Cruel | Love Me Tender | All Shook Up | (Let Me Be Your) Teddy Bear | Jailhouse Rock | Don’t | A Big Hunk o’ Love | Stuck on You | It’s Now or Never | Are You Lonesome Tonight? | Surrender | Good Luck Charm | Suspicious Minds
74%
Whitney HoustonSaving All My Love for You | How Will I Know | Greatest Love of All | I Wanna Dance with Somebody (Who Loves Me) | Didn’t We Almost Have It All | So Emotional | Where Do Broken Hearts Go | I’m Your Baby Tonight | All the Man That I Need | I Will Always Love You | Exhale (Shoop Shoop)
74%
Mariah CareyVision of Love | Love Takes Time | Someday | I Don’t Wanna Cry | Emotions | I’ll Be There | Dreamlover | Hero | All I Want for Christmas Is You | Fantasy | One Sweet Day | Always Be My Baby | Honey | My All | Heartbreaker | Thank God I Found You | We Belong Together | Don’t Forget About Us | Touch My Body
67%
Elton JohnCrocodile Rock | Bennie and the Jets | Lucy in the Sky with Diamonds | Philadelphia Freedom | Island Girl | Don’t Go Breaking My Heart | That’s What Friends Are For | Don’t Let the Sun Go Down on Me | Candle in the Wind 1997
66%
EminemLose Yourself | Crack a Bottle | Not Afraid | Love the Way You Lie | The Monster
65%
Céline DionThe Power of Love | Because You Loved Me | My Heart Will Go On | I’m Your Angel
65%
Taylor SwiftWe Are Never Ever Getting Back Together | Shake It Off | Blank Space | Bad Blood | Look What You Made Me Do | Cardigan | Willow | All Too Well (Taylor’s Version)
63%
The Rolling Stones(I Can’t Get No) Satisfaction | Get Off of My Cloud | Paint It Black | Ruby Tuesday | Honky Tonk Women | Brown Sugar | Angie | Miss You
58%
Justin BieberWhat Do You Mean? | Sorry | Love Yourself | Despacito (Remix) | I’m the One | Stuck with U | Peaches | Stay
56%
QueenCrazy Little Thing Called Love | Another One Bites the Dust
39%
Billy JoelIt's Still Rock and Roll to Me | Tell Her About It | We Didn’t Start the Fire
36%
U2With or Without You | I Still Haven’t Found What I’m Looking For
30%
Phil CollinsAgainst All Odds (Take a Look at Me Now) | Sussudio | One More Night | Separate Lives | A Groovy Kind of Love | Two Hearts | Another Day in Paradise
22%
Barbra StreisandThe Way We Were | Evergreen | You Don’t Bring Me Flowers | No More Tears (Enough Is Enough) | Woman in Love
16%
Frank SinatraStrangers in the Night | Somethin’ Stupid
9%

Score Distribution

Percentile by Number Answered

Percent of People with Each Score

Your Score History

You have not taken this quiz